000 00369nam a2200133Ia 4500
008 220216s9999 xx 000 0 und d
100 _aViswanathan P K
245 0 _aRubber thadiyude vanijyaprasakthium vipanana sadhyathakalum
260 _bRubber Mithram (Malayalam)
_c1999
300 _a6-Nov
650 _aRubberwood
650 _aRubberwood products
942 _cBO
999 _c48041
_d48041